serun
ՀԱՅ ԳԻՐՔ = Armenian Book

Ավետիք Իսահակյան : (Record no. 166078)

000 -LEADER
fixed length control field nam a22 a 4500
003 - CONTROL NUMBER IDENTIFIER
control field AM-YeNLA
005 - DATE AND TIME OF LATEST TRANSACTION
control field 20260318104535.0
007 - PHYSICAL DESCRIPTION FIXED FIELD--GENERAL INFORMATION
fixed length control field ta
008 - FIXED-LENGTH DATA ELEMENTS--GENERAL INFORMATION
fixed length control field 260318s2025 ai ||||gr|||||000|0|arm||
020 ## - INTERNATIONAL STANDARD BOOK NUMBER
International Standard Book Number 978-9939-40-108-9
040 ## - CATALOGING SOURCE
Language of cataloging arm
Transcribing agency AM-YeNLA
041 0# - LANGUAGE CODE
Language code of text/sound track or separate title arm
100 1# - MAIN ENTRY--PERSONAL NAME
9 (RLIN) 26902
Personal name Իսահակյան, Ավիկ Վիգենի,
Dates associated with a name 1944-
245 10 - TITLE STATEMENT
Title Ավետիք Իսահակյան :
Remainder of title Գիտական կենսագրություն :
Number of part/section of a work Գիրք 2 :
Name of part/section of a work «Լյառն ի վեր» 1901-1912 /
Statement of responsibility, etc. Ա. Իսահակյան ; Խմբ.՝ Հ. Որսկանյան ; ՀՍՍՀ ԳԱ Մ. Աբեղյանի անվ. գրակ. ինստ.
260 ## - PUBLICATION, DISTRIBUTION, ETC. (IMPRINT)
Place of publication, distribution, etc. Երևան :
Name of publisher, distributor, etc. Էդիթ պրինտ,
Date of publication, distribution, etc. 2025.
300 ## - PHYSICAL DESCRIPTION
Extent 490 էջ :
Other physical details լուսանկ. ;
Dimensions 21 սմ.
600 14 - SUBJECT ADDED ENTRY--PERSONAL NAME
Personal name Իսահակյան, Ավետիք
650 14 - SUBJECT ADDED ENTRY--TOPICAL TERM
Topical term or geographic name as entry element Հայ հեղինակներ
Form subdivision Կենսագրություններ
Chronological subdivision 1901-1912
700 1# - ADDED ENTRY--PERSONAL NAME
Personal name Որսկանյան, Հերիքնազ
Relator term խմբ.
Relator code edt
710 2# - ADDED ENTRY--CORPORATE NAME
Corporate name or jurisdiction name as entry element Հայաստանի Հանրապետության գիտությունների ազգային ակադեմիա ։
Subordinate unit Մ. Աբեղյանի անվան գրականության ինստիտուտ
942 ## - ADDED ENTRY ELEMENTS (KOHA)
Source of classification or shelving scheme
Koha item type Books
Holdings
Withdrawn status Lost status Source of classification or shelving scheme Damaged status Not for loan Permanent Location Current Location Date acquired Inventory number Date last seen Price effective from Koha item type
          National Library of Armenia National Library of Armenia 2026-03-18 ՀԱԳ 2026-03-18 2026-03-18 Books

Հայաստանի ազգային գրադարան ՀՀ, 0009,Երևան, Տերյան 72
Հետադարձ կապ